Social Issues (Anglais > Français) - Statistiques

Statistiques générales
  • Ce quiz a été pris 13 fois
  • Le résultat moyen est 9 sur 57
Statistiques - réponses
Hint Réponse % Correct
cost of living coût de la vie
75%
family allowances allocations familiales
50%
(juvenile) delinquency délinquence (juvénile)
50%
economic dependency dépendance économique
50%
concern inquiétude
50%
to threaten menacer
50%
thug voyou/casseur
50%
jobless (the) chômeurs (les)
25%
offence délit
25%
needy (the) déshérités (les)
25%
plight difficultés (les)
25%
social ladder échelle sociale
25%
thriving economy économie prospère
25%
to hinder entraver
25%
to boom être en pleine expansion
25%
to strike frapper
25%
to curb expenses freiner les dépenses
25%
council housing logement social
25%
ill treatment mauvais traitements
25%
standard of living niveau de vie
25%
recovery relance
25%
homeless (the) sans-abri (les)
25%
to pick up se redresser
25%
to rebel against se révolter contre
25%
social services services sociaux
25%
loneliness solitude
25%
to suffer from souffrir de
25%
kitchen soup soupe populaire
25%
slum taudis
25%
to shelter abriter
0%
to cope with affronter/faire face
0%
to mug agresser
0%
social worker assistante sociale
0%
situation conjoncture
0%
poverty dénuement
0%
Welfare State État providence
0%
to depend on être à la charge de
0%
to be badly off être dans la misère
0%
to be in dire straits être en grande difficulté
0%
to be hit by être frappé par
0%
outcasts (the) exclus (les)
0%
integration insertion
0%
haves and have-nots (the) les riches et les pauvres
0%
poor housing logements insalubres
0%
to struggle against lutter contre
0%
child abuse mauvais traitements infligés aux enfants
0%
to hamper mettre un obstacle
0%
dependant personne à charge
0%
bleak outlook perspectives sinistres
0%
to be on welfare recevoir l'aide sociale
0%
to solve a problem résoudre une difficulté
0%
income support revenu minimum d'insertion (RMI)
0%
wealth richesse(s)
0%
to rescue/to save secourir
0%
to expand se développer
0%
breadwinner soutien de famille
0%
to live from hand to mouth vivre au jour le jour
0%
Aucun quiz correspondant
Distribution des résultats
% des personnes avec chaque résultat
Percentile par nombre de réponses
Votre historique - résultats
Vous n’avez pas pris ce quiz